Animer un stage de formation (Record no. 3046)

MARC details
000 -LEADER
fixed length control field 01851nam a2200253 4500
008 - FIXED-LENGTH DATA ELEMENTS--GENERAL INFORMATION
fixed length control field s2002 fr fre u
020 ## - INTERNATIONAL STANDARD BOOK NUMBER
International Standard Book Number 9782708127265
040 ## - CATALOGING SOURCE
Original cataloging agency LB-BrCRDP
082 1# - DEWEY DECIMAL CLASSIFICATION NUMBER
Classification number 371.2
Item number JOU
100 1# - MAIN ENTRY--PERSONAL NAME
Personal name Jousse, Nicolas
245 10 - TITLE STATEMENT
Title Animer un stage de formation
Remainder of title 50 techniques à l'usage du formateur
Statement of responsibility, etc. Nicolas Jousse
260 ## - PUBLICATION, DISTRIBUTION, ETC.
Place of publication, distribution, etc. Paris
Name of publisher, distributor, etc. Organisation
Date of publication, distribution, etc. 2002
300 ## - PHYSICAL DESCRIPTION
Extent 247 p.
Dimensions 24 cm
490 0# - SERIES STATEMENT
Series statement Livres Outils
500 ## - GENERAL NOTE
General note Sommaire.
520 ## - SUMMARY, ETC.
Summary, etc. Un ouvrage-ressource pour construire vos stages.Dans ce livre, vous trouverez : 10 questions clés que se posent tous les formateurs et des recommandations concrètes pour y répondre ; 50 techniques, sous forme de fiches, et leur mode d'emploi précis : description, objectifs, durée et déroulement étape par étape ; De nombreux exemples d'application fondés sur des cas réels ; Des "histoires de stage", anecdotes illustrant la mise en œuvre des techniques.Résolument pragmatique, cette boîte à outils est un support pour préparer, concevoir et animer un stage. Elle constitue une ressource pour tout formateur ou enseignant, et plus largement toute personne animant un groupe d'échange ou de réflexion. Chacun peut à son gré opter pour une lecture méthodique, en fonction d'un projet précis, ou musarder de page en page à la recherche d'une idée, d'une technique, d'un exemple qui fera naître son inspiration.Animer un stage de formation accompagne le formateur dans la salle du séminaire. Il lui fournit les techniques indispensables pour mettre en œuvre une pédagogie active, participative et opérationnelle.
650 4# - SUBJECT ADDED ENTRY--TOPICAL TERM
Topical term or geographic name entry element Motivation
650 4# - SUBJECT ADDED ENTRY--TOPICAL TERM
Topical term or geographic name entry element Gestion des personnels
650 4# - SUBJECT ADDED ENTRY--TOPICAL TERM
Topical term or geographic name entry element Formation
650 4# - SUBJECT ADDED ENTRY--TOPICAL TERM
Topical term or geographic name entry element Projet de formation
650 4# - SUBJECT ADDED ENTRY--TOPICAL TERM
Topical term or geographic name entry element Pédagogie active
942 ## - ADDED ENTRY ELEMENTS (KOHA)
Koha item type Books
Holdings
Withdrawn status Lost status Source of classification or shelving scheme Damaged status Not for loan Home library Current library Shelving location Date acquired Source of acquisition Cost, normal purchase price Total Checkouts Full call number Barcode Date last seen Copy number Price effective from Koha item type
    Dewey Decimal Classification     مكتبة دار المعلمين و المعلمات - بئر حسن مكتبة دار المعلمين و المعلمات - بئر حسن Salle de Lecture 06/17/2008 Ambassade de France 0.00   370.111 Jou CRB2169 07/27/2016 1 07/27/2016 Books
    Dewey Decimal Classification     مكتبة دار المعلمين و المعلمات - جونية مكتبة دار المعلمين و المعلمات - جونية Salle de Lecture 03/11/2008 Ambassade de France 0.00   370.7 JOU. CRJ2568 07/27/2016 1 07/27/2016 Books
    Dewey Decimal Classification     مكتبة دار المعلمين و المعلمات - زحلة مكتبة دار المعلمين و المعلمات - زحلة Salle de Lecture 10/15/2008 Amb. de France 24.00   371.2 JOU CRZ3242 07/27/2016 1 07/27/2016 Books
    Dewey Decimal Classification     مكتبة دار المعلمين و المعلمات - صيدا مكتبة دار المعلمين و المعلمات - صيدا Salle de Lecture 06/10/2008 Ambassade de France 0.00   370.5 JOU CRS2510 07/28/2016 1 07/28/2016 Books
    Dewey Decimal Classification     مكتبة دار المعلمين و المعلمات - طرابلس مكتبة دار المعلمين و المعلمات - طرابلس Salle de Lecture 04/28/2009 Ambassade de France 0.00   370.1 JOU CRT3030 07/27/2016 1 07/27/2016 Books